| 000 | 01906nam2a22003731 4500 | ||
|---|---|---|---|
| 001 | RU\NLR\A1SV\112604 | ||
| 005 | 20260412063641.0 | ||
| 035 | _a(NLR Aleph) 009793957 | ||
| 090 |
_a13487239 _c13487239 |
||
| 100 | _a20120326d1922 u y0rusy50 ca | ||
| 101 | 0 | _arus | |
| 200 | 1 | _a[Стихи, рассказы, статьи] | |
| 215 | _a155, [2] с. | ||
| 327 | 0 | _aАвт.: Борис Зайцев, Андрей Глоба, Константин Липскеров, Вл. Лидин, Надежда Павлович, Марина Цветаева, Андрей Соболь, Владислав Ходасевич, Иосиф Матусевич, М.Гершензон, Ю.Айхенвальд, Андрей Белый | |
| 461 | 1 |
_1001RU\NLR\A1SV\112602 _12000#$vСб.2 _910148695 _cМ. _d1922 _nСевер. дни _tСеверные дни _vСб.2 |
|
| 702 | 1 |
_aЗайцев _bБ. _gБорис |
|
| 702 | 1 |
_aЛидин _bВ.Г. _f1894-1979 _gВладимир Германович |
|
| 702 | 1 |
_aМатусевич _bИ.А. _f1879-1940 _gИосиф Александрович |
|
| 702 | 1 |
_aШлоба _bА. _gАндрей |
|
| 702 | 1 |
_aЛипскеров _bК. _gКонстантин |
|
| 702 | 1 |
_8rus _7ca _aСоболь _bА. _cписатель _f1888-1926 _gАндрей _3RU\NLR\AUTH\7713358 _9123050 |
|
| 702 | 1 |
_aПавлович _bН. _gНадежда |
|
| 702 | 1 |
_8rus _7ca _aЦветаева _bМ. И. _f1892-1941 _gМарина Ивановна _3RU\NLR\AUTH\779131 _9118995 |
|
| 702 | 1 |
_aХодасевич _bВ.Ф. _f1886-1939 _gВладислав Фелицианович |
|
| 702 | 1 |
_aГершензон _bМ.А. _f1900-1942 _gМихаил Абрамович |
|
| 702 | 1 |
_aАйхенвальд _bЮ. |
|
| 702 | 1 |
_aБелый _bА. _f1880-1934 _gАндрей |
|
| 801 | 0 |
_aRU _bNLR _c20120326 |
|
| 852 |
_aNLR _j132/2517-2 |
||
| 852 |
_aNLR _j17.149.5.7 |
||
| 942 | _cBOOK | ||
| 980 | _aA1SV | ||
| 980 | _aNB | ||